Ansel's pharmaceutical dosage forms and drug delivery systems / (Record no. 294693)
[ view plain ]
| 000 -LEADER | |
|---|---|
| fixed length control field | 01476cam a2200337 i 4500 |
| 001 - CONTROL NUMBER | |
| control field | 17874350 |
| 003 - CONTROL NUMBER IDENTIFIER | |
| control field | PILC |
| 005 - DATE AND TIME OF LATEST TRANSACTION | |
| control field | 20160523115555.0 |
| 008 - FIXED-LENGTH DATA ELEMENTS--GENERAL INFORMATION | |
| fixed length control field | 130903s2014 paua b 001 0 eng |
| 010 ## - LIBRARY OF CONGRESS CONTROL NUMBER | |
| LC control number | 2013035677 |
| 020 ## - INTERNATIONAL STANDARD BOOK NUMBER | |
| International Standard Book Number | 9781451188769 (pbk.) |
| 035 ## - SYSTEM CONTROL NUMBER | |
| System control number | (DNLM)101616263 |
| 040 ## - CATALOGING SOURCE | |
| Original cataloging agency | DNLM/DLC |
| Transcribing agency | DLC |
| Description conventions | rda |
| Modifying agency | DLC |
| 042 ## - AUTHENTICATION CODE | |
| Authentication code | pcc |
| 050 00 - LIBRARY OF CONGRESS CALL NUMBER | |
| Classification number | RS 200 |
| Item number | .Al57 2014 |
| 060 10 - NATIONAL LIBRARY OF MEDICINE CALL NUMBER | |
| Classification number | QV 786 |
| 082 00 - DEWEY DECIMAL CLASSIFICATION NUMBER | |
| Classification number | 615/.1 |
| 100 1# - MAIN ENTRY--PERSONAL NAME | |
| Personal name | Allen, Loyd V., |
| Titles and other words associated with a name | Jr., |
| Relator term | author. |
| 245 10 - TITLE STATEMENT | |
| Title | Ansel's pharmaceutical dosage forms and drug delivery systems / |
| Statement of responsibility, etc | Loyd V. Allen, Jr., PhD, Professor and Chair Emeritus, Department of Medicinal Chemistry and Pharmaceutics, College of Pharmacy, University of Oklahoma, University of Oklahoma Health Sciences Center, Oklahoma City, Oklahoma, Editor-in-Chief, International Journal of Pharmaceutical Compounding, Howard C. Ansel, PhD, Professor and Dean Emeritus, College of Pharmacy, The University of Georgia, Athens, Georgia. |
| 246 1# - VARYING FORM OF TITLE | |
| Title proper/short title | Pharmaceutical dosage forms and drug delivery systems |
| 250 ## - EDITION STATEMENT | |
| Edition statement | 10th edition. |
| 260 ## - PUBLICATION, DISTRIBUTION, ETC. (IMPRINT) | |
| Place of publication, distribution, etc | Philadelphia : |
| Name of publisher, distributor, etc | Wolters Kluwer, |
| Date of publication, distribution, etc | 2014. |
| 300 ## - PHYSICAL DESCRIPTION | |
| Extent | xi, 794 pages : |
| Other physical details | illustrations (some color) ; |
| Dimensions | 26 cm |
| 500 ## - GENERAL NOTE | |
| General note | Includes bibliographical references and index. |
| 650 12 - SUBJECT ADDED ENTRY--TOPICAL TERM | |
| Topical term or geographic name as entry element | Dosage Forms. |
| 650 22 - SUBJECT ADDED ENTRY--TOPICAL TERM | |
| Topical term or geographic name as entry element | Drug Delivery Systems. |
| 700 1# - ADDED ENTRY--PERSONAL NAME | |
| Personal name | Ansel, Howard C., |
| Dates associated with a name | 1933- |
| Relator term | author. |
| 906 ## - LOCAL DATA ELEMENT F, LDF (RLIN) | |
| a | 7 |
| b | cbc |
| c | orignew |
| d | 1 |
| e | ecip |
| f | 20 |
| g | y-gencatlg |
| 942 ## - ADDED ENTRY ELEMENTS (KOHA) | |
| Source of classification or shelving scheme | Library of Congress Classification |
| Koha item type | Books |
| Withdrawn status | Lost status | Source of classification or shelving scheme | Damaged status | Home library | Current library | Shelving location | Date acquired | Source of acquisition | Cost, normal purchase price | Total Checkouts | Total Renewals | Full call number | Barcode | Date last seen | Date checked out | Price effective from | Koha item type |
|---|---|---|---|---|---|---|---|---|---|---|---|---|---|---|---|---|---|
| Library of Congress Classification | South SEED-LPDH College Library | South SEED-LPDH College -Study Center | 05/23/2016 | Library Fund | 798.00 | 6 | 14 | RS 200 .Al57 2014 | SSLC1434 | 04/23/2018 | 01/15/2018 | 05/23/2016 | Books |